Le seul pays enclavé... - Statistiques

Statistiques générales
  • Ce quiz a été pris 43 fois
  • Le résultat moyen est 13 sur 20
Statistiques - réponses
Indice Réponse % Correct
Avec plus de chevaux que d'habitants Mongolie
93%
Qui possède une frontière avec l'Italie et la République Tchèque Autriche
90%
Entièrement à l'intérieur de l'Afrique du Sud Lesotho
88%
Avec une majorité religieuse hindoue Népal
85%
Plus grand que le pays de la réponse précédente Kazakhstan
83%
Qui possède une frontière avec le Cambodge Laos
83%
Avec le Romanche comme langue officielle Suisse
83%
Qui a une superficie inférieure à certains bâtiments Vatican
80%
Où l'Albanais est la langue la plus parlée Kosovo
75%
Qui a eu un conflit à propos de son nom avec la Grèce Macédoine du Nord
75%
Qui a obtenu son indépendance en 2011 Soudan du Sud
70%
Qui touche le Lac Victoria Ouganda
65%
Qui a été envahi par l'URSS, le Royaume-Uni et les Etats-Unis Afghanistan
55%
Nommé d'après un homme surnommé "El Libertador" Bolivie
55%
Qui commence par la lettre P Paraguay
53%
Avec une population supérieure à 100 millions d'habitants Ethiopie
45%
Avec un âge médian d'environ 15 ans Niger
33%
Qui a imprimé un billet de 100 000 milliards de dollars Zimbabwe
33%
Où le tir à l'arc est le sport le plus populaire Bhoutan
30%
Avec une langue officielle ouralienne Hongrie
30%
Aucun quiz correspondant
Distribution des résultats
% des personnes avec chaque résultat
Percentile par nombre de réponses
Votre historique - résultats
Vous n’avez pas pris ce quiz